Statistics for Taylor Swift - I Almost Do Lyrics

Click here to take the quiz!

General Stats

  • This quiz has been taken 48 times
  • The average score is 251 of 276

Answer Stats

Answer% Correct
a
100%
almost
97%
And
97%
and
97%
do
97%
I
97%
In
97%
in
97%
it
97%
It
97%
you
97%
ever
95%
every
95%
just
95%
me
95%
no
95%
to
95%
call
92%
don't
92%
everything
92%
know
92%
not
92%
on
92%
takes
92%
the
92%
this
92%
time
92%
up
92%
we
92%
your
92%
you're
92%
bet
89%
by
89%
never
89%
night
89%
of
89%
out
89%
Sometimes
89%
still
89%
tell
89%
That
89%
that
89%
think
89%
wish
89%
city
86%
could
86%
each
86%
long
86%
Looking
86%
reach
86%
there's
86%
wanna
86%
week
86%
window
86%
another
84%
at
84%
'bout
84%
can't
84%
'Cause
84%
from
84%
goodbye
84%
hard
84%
hate
84%
hope
84%
moved
84%
my
84%
risk
84%
run
84%
say
84%
sittin'
84%
tired
84%
wonder
84%
chair
81%
hello
81%
It's
81%
reply
81%
with
81%
if
78%
off
78%
or
78%
babe
76%
better
76%
either
76%
occurred
76%
Oh
76%
probably
76%
touching
76%
way
76%
again
73%
asking
73%
dreams
73%
mess
73%
quite
73%
try
73%
face
70%
made
70%
baby
68%
confess
68%

Score Distribution

Percentile by Number Answered

Percent of People with Each Score

Your Score History

You have not taken this quiz